00734nam a22001697a 4500003000400000008004100004020001800045082001700063100002100080245004200101260004400143300001000187942001200197999001700209952016900226952016900395OSt240831b |||||||| |||| 00| 0 eng d a9781638066026 a954.002bKOO aKOTEKERE, Mahesh aOnce Upon a Time In Bharatha Desham  aTamil Nadu:bNotion Press Media,c2021. a234p. 2ddccBK c12890d12890 00102ddc40708IKSaPIETbPIETd2024-08-31eZafaa Books and DistributorsfINRg319.00kZBD0153l0o954.002 KOOp38421r2024-08-31 00:00:00v303.05w2024-08-24yBK 00102ddc40708IKSaPIETbPIETd2024-09-04eZafaa Books and DistributorsfINRg319.00kZBD0169l0o954.002 KOOp38468r2024-09-04 00:00:00v303.05w2024-08-31yBK